| 000 | 00441nam a2200145Ia 4500 | ||
|---|---|---|---|
| 003 | OSt | ||
| 005 | 20260122142311.0 | ||
| 008 | 211028s2015 xx 000 0 und d | ||
| 040 | _cAIMIT LIBRARY | ||
| 041 | _aeng | ||
| 100 |
_aHegde, Poorna Rajaram;Pereira, Divya. _g1316104 _97375 |
||
| 245 | _aStudy on performance appraisal system at BHEL electronic division Bangalore / | ||
| 260 |
_aMangalore _bDivya Pereira. _c2015 |
||
| 942 |
_2ddc _cPRO |
||
| 999 |
_c218945 _d218945 |
||